| 000 | 00369nam a22001457a 4500 | ||
|---|---|---|---|
| 999 |
_c15635 _d15635 |
||
| 003 | OSt | ||
| 008 | 190522b ||||| |||| 00| 0 eng d | ||
| 020 | _a9789383285709 | ||
| 082 |
_a664 _bORO/BA |
||
| 100 |
_aOrolugbagbe, Gboyega. _94112 |
||
| 245 | _aBasic Food Science and Technology | ||
| 260 |
_aNew Delhi _bAgri Horti Press. _c2017 |
||
| 300 | _a219 p. | ||
| 942 | _cBK | ||